000 00400nam a2200157Ia 4500
005 20240618032452.0
008 240331s9999 xx 000 0 und d
082 _bGAN
_a891.48
100 _aGanesalingan, S
245 0 _aLetters to kunthaavi,maanvizhi
_cS. Ganeshalingan
260 _aChennai
_bKumaran Publishers
_c2001
300 _a171 p .,
650 _aHistory
650 _aSocial
942 _cL
999 _c3940
_d3940